000 00749nam a2200193 i 4500
001 70292
003 ES-MaACL
005 20230906170758.0
007 t|
008 040721s1962 sp ||||1| spa d
100 1 _aGarcía Rodríguez, A.
_955193
245 1 0 _aMemoria del mapa de suelos de la cuenca media del río Tormes (Salamanca) /
_cA. García Rodríguez.
260 _aSalamanca :
_bDiputación de Salamanca,
_c1962.
300 _a63 p., 1 lám. ;
_c25 cm.
500 _aPrecede al tít.: Instituto de Orientación y Asistencia Técnica del Oeste.
710 0 0 _aSalamanca (Provincia).
_bDiputación Provincial.
_96485
710 2 _aInstituto de Orientación y Asistencia Técnica del Oeste.
_94990
852 _aES-MaACL
_jC-22495
_bR.51195
999 _c70292
_d70292